Statystyki dla Największe Miasta we Wloszech

Kliknij tutaj aby rozwiązać quiz!

Ogólne statystyki

  • Ten quiz został rozwiązany 85 razy
  • Średni wynik to 11 z 20

Statystyki odpowiedzi

LudnośćMiasto% Poprawnych
2 617 175Rzym
100%
1 242 123Mediolan
97%
962 000Neapol
94%
872.367Turyn
90%
261.362Wenecja
87%
358.079Florencja
79%
657.561Palermo
79%
371,337Bolonia
68%
586.180Genua
64%
315.933Bari
63%
252.520Werona
59%
175 895Parma
45%
293.902Katania
42%
202.123Triest
42%
206.192Padwa
40%
189 902Brescia
23%
179 149Modena
19%
243.262Mesyna
18%
200 154Tarent
13%
185 456Prato
4%

Rozkład punktacji

Percentyl według liczby udzielonych odpowiedzi

Procent ludzi z każdym wynikiem

Twoja historia wyników

Nie rozwiązałeś tego quizu